000 00247nam a22001217a 4500
020 _a978-06035-6518-2
082 _a823
_bDEA/P
100 _aDEAN
245 _aPOSTMAN PAST
260 _aUK
_bDEAN
650 _aENGLISH SHORT STORY
_zUK
942 _cBK
999 _c4823
_d4823